000 00286nam a22001097a 4500
008 170118b xxu||||| |||| 00| 0 eng d
020 _a9781418033118
041 _aeng
080 _a618.2
245 _aINTRAVENOUS INFUSION THERAPY FOR MEDICAL ASSISTANTS
_cJOSEPHSON, D.L
942 _2udc
_cBK
999 _c3125
_d3125